Подробности
| 000 -МАРКЕР |
| контрольное поле |
03477nam0a2200433 4500 |
| 001 - ИДЕНТИФИКАТОР ЗАПИСИ |
| контрольное поле |
RU\NLR\BIBL_A\021984920 |
| 005 - ИДЕНТИФИКАТОР ВЕРСИИ |
| контрольное поле |
20240129094058.0 |
| 010 ## - МЕЖДУНАРОДНЫЙ СТАНДАРТНЫЙ НОМЕР КНИГИ (ISBN) |
| Номер (ISBN) |
978-5-6047682-6-6 |
| Тираж |
1000 |
| 021 ## - НОМЕР ГОСУДАРСТВЕННОЙ РЕГИСТРАЦИИ |
| Код страны |
Российская Федерация |
| Номер |
КН-П-23-038442 |
| Номер Листа государственной регистраци |
КН-П-23-3831 |
| 035 ## - ДРУГИЕ СИСТЕМНЫЕ НОМЕРА |
| Идентификатор записи |
(NLR Aleph) 021984920 |
| 100 ## - ДАННЫЕ ОБЩЕЙ ОБРАБОТКИ |
| Данные общей обработки |
20230721d2023 k y0rusy50 ca |
| 101 0# - ЯЗЫК РЕСУРСА |
| Язык текста, звукозаписи и т.д. |
русский |
| 102 ## - СТРАНА ПУБЛИКАЦИИ ИЛИ ПРОИЗВОДСТВА |
| Страна публикации |
Российская Федерация |
| 105 ## - ПОЛЕ КОДИРОВАННЫХ ДАННЫХ: ТЕКСТОВЫЕ МАТЕРИАЛЫ, МОНОГРАФИЧЕСКИЕ |
| Кодированные данные о монографическом текстовом документе |
a z 100zy |
| 181 #0 - ПОЛЕ КОДИРОВАННЫХ ДАННЫХ: ВИД СОДЕРЖАНИЯ |
| Код вида содержания (ISBD) |
i |
| Код характеристики содержания (ISBD) |
axxe |
| 182 #0 - ПОЛЕ КОДИРОВАННЫХ ДАННЫХ: ТИП СРЕДСТВА |
| Код типа средства (ISBD) |
n - непосредственное |
| 200 1# - ЗАГЛАВИЕ И СВЕДЕНИЯ ОБ ОТВЕТСТВЕННОСТИ |
| Основное заглавие |
Патриотизм в современной России в условиях роста угроз национальной безопасности |
| Сведения, относящиеся к заглавию |
сборник материалов-статей участников конференции, 17 февраля 2023 г., г. Ростов-на-Дону, 20 февраля 2023 г., г. Таганрог |
| -- |
материалы опубликованы по итогам научно-практической конференции с международным участием (17 февраля 2023 г.) и Круглого стола в г. Таганроге (20 февраля 2023 г.) |
| Первые сведения об ответственности |
Общественная палата Ростовской области [и др.] |
| Последующие сведения об ответственности |
редакционно-издательская группа: Понеделков А. В. [и др.] |
| 203 ## - ВИД СОДЕРЖАНИЯ И ТИП СРЕДСТВА |
| Вид содержания |
Текст |
| Дополнительные сведения об издании |
визуальный |
| Тип средства |
непосредственный |
| 210 ## - ПУБЛИКАЦИЯ, РАСПРОСТРАНЕНИЕ И ДР. |
| Место издания, распространения и т.д. |
Ростов-на-Дону |
| Имя издателя, распространителя и т. д. |
Изд-во ЮРИУ РАНХиГС |
| Дата издания, распространения и т.д. |
2023 |
| 215 ## - ФИЗИЧЕСКАЯ ХАРАКТЕРИСТИКА |
| Специфическое обозначение материала и объем |
333 c. |
| Другие сведения о физической характеристике |
ил., табл. |
| Размеры |
29 |
| 300 ## - ОБЩИЕ ПРИМЕЧАНИЯ |
| Текст примечания |
На обл. подзаг.: Сборник материалов научно-практической конференции с международным участием |
| 300 ## - ОБЩИЕ ПРИМЕЧАНИЯ |
| Текст примечания |
В вып. дан. и макете подзаг.: Материалы научно-практической конференции с международным участием |
| 320 ## - ПРИМЕЧАНИЯ О НАЛИЧИИ В ДОКУМЕНТЕ БИБЛИОГРАФИИ / УКАЗАТЕЛЯ |
| Текст примечания |
Библиогр. в конце ст. и в подстроч. примеч. |
| 606 1# - НАИМЕНОВАНИЕ ТЕМЫ КАК ПРЕДМЕТ |
| Наименование темы |
Национальная безопасность |
| Формальный подзаголовок |
Съезды, совещания и т.п |
| Тематический подзаголовок |
Обеспечение |
| Географический подзаголовок |
Российская Федерация |
| Системный номер авторитетной/нормативной записи |
2088713 |
| Идентификатор авторитетной/нормативной записи |
RU\NLR\AUTH\661568018 |
| 606 1# - НАИМЕНОВАНИЕ ТЕМЫ КАК ПРЕДМЕТ |
| Наименование темы |
Патриотизм |
| Формальный подзаголовок |
Съезды, совещания и т.п |
| Географический подзаголовок |
Российская Федерация |
| Системный номер авторитетной/нормативной записи |
2478424 |
| Идентификатор авторитетной/нормативной записи |
RU\NLR\AUTH\661471461 |
| 686 1# - ИНДЕКСЫ ДРУГИХ КЛАССИФИКАЦИЙ |
| Индекс |
Х621.162я431 |
| 686 1# - ИНДЕКСЫ ДРУГИХ КЛАССИФИКАЦИЙ |
| Индекс |
Т3(2)74-72я431 |
| 702 #1 - ИМЯ ЛИЦА - ВТОРИЧНАЯ ОТВЕТСТВЕННОСТЬ |
| Код отношения |
Редактор |
| Графика поля |
Кириллица |
| Материалы, к которым относится поле |
rus |
| Начальный элемент ввода |
Понеделков |
| Часть имени, кроме начального элемента ввода |
А. В. |
| Расширение инициалов личного имени |
Александр Васильевич |
| Системный номер авторитетной/нормативной записи |
115543 |
| Идентификатор авторитетной/нормативной записи |
RU\NLR\AUTH\775579 |
| 711 12 - НАИМЕНОВАНИЕ ОРГАНИЗАЦИИ - АЛЬТЕРНАТИВНАЯ ОТВЕТСТВЕННОСТЬ |
| Начальный элемент ввода |
"Патриотизм в современной России в условиях роста угроз национальной безопасности", научно-практическая конференция с международным участием |
| Место проведения временной организации |
Ростов-на-Дону |
| Дата проведения временной организации |
2023 |
| Системный номер авторитетной/нормативной записи |
856191 |
| Идентификатор авторитетной/нормативной записи |
RU\NLR\AUTH\880595366 |
| 712 02 - НАИМЕНОВАНИЕ ОРГАНИЗАЦИИ - ВТОРИЧНАЯ ОТВЕТСТВЕННОСТЬ |
| Код отношения |
Прочие |
| Начальный элемент ввода |
Общественная палата Ростовской области |
| Системный номер авторитетной/нормативной записи |
379505 |
| Идентификатор авторитетной/нормативной записи |
RU\NLR\AUTH\8810246840 |
| 856 4# - МЕСТОНАХОЖДЕНИЕ ЭЛЕКТРОННЫХ РЕСУРОВ И ДОСТУП К НИМ |
| Имя пользователя (logon/login) |
VNP_SKP |
| Эмуляция терминала (Terminal emulation) |
VIEW |
| Универсальный идентификатор ресурса (Uniform Resource Identifier) |
https://webservices.nlr.ru/viewer/file?name=a021984920_002.txt |
| Тип доступа (Access method) |
Аннотация |
| 856 41 - МЕСТОНАХОЖДЕНИЕ ЭЛЕКТРОННЫХ РЕСУРОВ И ДОСТУП К НИМ |
| Имя пользователя (logon/login) |
VNP_SKP |
| Эмуляция терминала (Terminal emulation) |
VIEW |
| Универсальный идентификатор ресурса (Uniform Resource Identifier) |
https://webservices.nlr.ru/viewer/file?name=t021984920_001.jpeg |
| Тип доступа (Access method) |
Обложка |
| 942 ## - ДОПОЛНИТЕЛЬНЫЕ ЭЛЕМЕНТЫ ЗАПИСИ (АБИС) |
| Тип экземпляра АБИС |
Книга |
| 980 4# - КОЛЛЕКЦИЯ |
| Название коллекции |
|
| 980 ## - КОЛЛЕКЦИЯ |
| Название коллекции |
Национальная библиография |